000 00716nam a2200217Ia 4500
003 OSt
005 20250225095424.0
008 210210b2001 xxu||||| |||| 00| 0 eng d
020 _a81 7302 4669
040 _cAL
041 _aKannada
082 _aK894.9 NAYV
100 _aNAYAKA (Ha Ma) and PRADHAN GURUDATTA, Ed.
_9133028
_dಹಾಮಾ ನಾಯಕ ಮತ್ತು ಗುರುದತ್ತ ಪ್ರಧಾನ್.
245 _aVyasaraya Ballala.
_bವ್ಯಾಸರಾಯ ಬಲ್ಲಾಳ
260 _aBengaluru
_bNavakarnataka Prakashana
_c2001
300 _a128
650 _aKendra Sahitya Akademi Prashasti
_9133029
690 _aKannada Criticism
_9133030
906 _a056230
942 _2ddc
_cBK
999 _c103896
_d103896